El Agua, ayer y hoy

Bibliographic Details
Main Author: Athie Flores, Kamel
Format: eBook
Language:Spanish
Published: Ciudad de Mx̌ico: Cm̀ara de Diputados, 2016
Subjects:
Online Access:Acceso restringido

MARC

LEADER 00000nam a22000007a 4500
005 20180331210312.0
007 cr|||| ||||
008 180331s2016 mx |||||s||||f00||0 spa d
020 |a 978-607-8501-22-9 
035 |a 21172 
040 |a vLex 
090 |c 7614  |d 7614 
100 1 |a Athie Flores, Kamel 
245 1 2 |a El Agua, ayer y hoy  |h [Recurso electrn̤ico] /  |c Kamel Athie Flores 
256 |a Servicio en ln̕ea 
260 |a Ciudad de Mx̌ico:  |b Cm̀ara de Diputados,  |c 2016 
300 |a 1 recurso electrn̤ico 
506 1 |a Disponible solo en los productos indicados  |d vLex Global  |d vLex Global (Academic Edition, excluding Law Schools)  |d vLex Global (U.S. Academic Edition, Law Schools)  |d vLex Global (U.S. Academic Edition, excluding Law Schools)  |d vLex Global (Academic Edition, Law Schools) 
650 0 4 |a Derecho Pb︢lico y Administrativo  |z Mx̌ico 
650 0 4 |a Derecho del Medio Ambiente  |z Mx̌ico 
740 0 |a vLex Libros (Servicio en ln̕ea) 
856 4 0 |u http://vlex.com/source/agua-ayer-hoy-21172  |z Acceso restringido 
942 |c BOOK 
999 0 |a Public and Administrative Law 
999 0 |a Environmental Law